Top 5 Point Guards of All-Time - Statistics

General Stats
  • This quiz has been taken 36 times
  • The average score is 4 of 5
Answer Stats
Hint Answer % Correct
1. Magic Johnson
96%
2. Stephen Curry
89%
4. Jerry West
71%
3. Oscar Robertson
57%
5. Isaiah Thomas
46%
No matching quizzes found
Score Distribution
Percent of People with Each Score
Percentile by Number Answered
Your Score History
You have not taken this quiz